000 00308 a2200109 4500
001 ART_29055
005 20260410161909.0
008 260409a
245 1 0 _aWages and unemployment
100 1 _aNickell, S. J.
773 0 _tThe Economic Journal
_g- Vol. 92, NÂș 365 (mar. 1982)
_wREV12512
999 _c26654
_d26654